[Event "Gatineau op"]
[Site "Gatineau CAN"]
[Date "2014.03.02"]
[Round "4"]
[White "Sambuev, Bator"]
[Black "Hebert, Jean"]
[Result "1/2-1/2"]
[WhiteElo "2511"]
[BlackElo "2431"]
[PlyCount "124"]
[GameId "2160767909149776"]
[EventDate "2014.02.28"]
[EventType "swiss"]
[EventRounds "5"]
[EventCountry "CAN"]
[SourceTitle "EXT 2015"]
[Source "ChessBase"]
[SourceDate "2014.11.20"]
[SourceVersion "1"]
[SourceVersionDate "2014.11.20"]
[SourceQuality "1"]

1. d4 Nf6 2. Nf3 c5 3. e3 g6 4. c4 Bg7 5. Nc3 O-O 6. Be2 cxd4 7. exd4 d5 8. O-O Nc6 9. Re1 dxc4 10. Bxc4 Bg4 11. d5 Na5 12. Bf1 Rc8 13. h3 Bxf3 14. Qxf3 Nc4 15. Bxc4 Rxc4 16. Bg5 h6 17. Bf4 b5 18. a3 a5 19. d6 exd6 20. Nxb5 d5 21. b3 Re4 22. a4 Rfe8 23. Red1 Rxf4 24. Qxf4 Nh5 25. Qf3 Bxa1 26. Rxa1 Qg5 27. Rd1 Nf6 28. Nc3 Re5 29. Qd3 Qh4 30. Qd4 Qxd4 31. Rxd4 h5 32. Rd3 Kf8 33. f4 Re7 34. Kf1 Rb7 35. Nb5 Re7 36. Nd4 Rc7 37. Ne2 Rc2 38. Nc3 d4 39. Ne2 Ne4 40. Nxd4 Rb2 41. f5 gxf5 42. g3 f4 43. gxf4 Kg7 44. Re3 Rf2+ 45. Ke1 Rxf4 46. Nc6 Nc5 47. Nxa5 Kg6 48. Nc6 Nxa4 49. bxa4 Rxa4 50. Ne5+ Kg5 51. Nxf7+ Kf4 52. Rd3 Ra1+ 53. Kd2 Ra2+ 54. Kd1 Ra1+ 55. Kc2 Ra2+ 56. Kb3 Rg2 57. Nd8 Re2 58. Kc4 Re3 59. Rxe3 Kxe3 60. Ne6 Kf3 61. Ng7 Kg3 62. Nxh5+ Kxh3 1/2-1/2

[Event "Gatineau op"]
[Site "Gatineau CAN"]
[Date "2014.03.02"]
[Round "5"]
[White "Hebert, Jean"]
[Black "Wan, Kevin"]
[Result "1-0"]
[WhiteElo "2431"]
[BlackElo "2184"]
[PlyCount "99"]
[GameId "2160767909149785"]
[EventDate "2014.02.28"]
[EventType "swiss"]
[EventRounds "5"]
[EventCountry "CAN"]
[SourceTitle "EXT 2015"]
[Source "ChessBase"]
[SourceDate "2014.11.20"]
[SourceVersion "1"]
[SourceVersionDate "2014.11.20"]
[SourceQuality "1"]

1. d4 d5 2. c4 c6 3. Nf3 Nf6 4. Nc3 e6 5. e3 b6 6. Bd3 a5 7. O-O Bb4 8. Bd2 Ba6 9. b3 Nbd7 10. Ne2 Bd6 11. Bc3 O-O 12. Qc2 Re8 13. Ng3 b5 14. Bb2 bxc4 15. bxc4 Nb6 16. c5 Bxd3 17. Qxd3 Nc4 18. cxd6 Nxb2 19. Qc3 Nc4 20. Ne5 Nxd6 21. Qxc6 Qe7 22. Qa4 Nfe4 23. Nxe4 Nxe4 24. Rfc1 Qd6 25. f3 Nd2 26. Qd1 f6 27. Rc6 Qb4 28. a3 Qb7 29. Qxd2 fxe5 30. Rac1 Rac8 31. R6c5 exd4 32. exd4 Rxc5 33. dxc5 Qb5 34. Qd4 Rc8 35. h4 Rc6 36. Kh2 Qb8+ 37. f4 h6 38. Kh3 Qd8 39. Qe5 Qc7 40. Kg4 Qb7 41. h5 Qc8 42. Rb1 Kh7 43. Rb8 Qd7 44. Rf8 Rc8 45. Rxc8 Qxc8 46. Qd6 d4 47. Kg3 Qb7 48. Qxe6 Qb1 49. Qg6+ Qxg6+ 50. hxg6+ 1-0

[Event "Carnaval op"]
[Site "Quebec CAN"]
[Date "2014.01.26"]
[Round "5"]
[White "Sambuev, Bator"]
[Black "Hebert, Jean"]
[Result "1-0"]
[WhiteElo "2590"]
[BlackElo "2430"]
[PlyCount "120"]
[GameId "2160767909203646"]
[EventDate "2014.01.24"]
[EventType "swiss"]
[EventRounds "5"]
[EventCountry "CAN"]
[SourceTitle "EXT 2015"]
[Source "ChessBase"]
[SourceDate "2014.11.20"]
[SourceVersion "1"]
[SourceVersionDate "2014.11.20"]
[SourceQuality "1"]

1. d4 Nf6 2. Nf3 e6 3. e3 b6 4. Bd3 Bb7 5. O-O d5 6. b3 Bd6 7. Bb2 O-O 8. c4 dxc4 9. bxc4 Nbd7 10. Qe2 Qe7 11. Ne5 Rfd8 12. f4 Ne4 13. Nc3 Ndf6 14. Qc2 Nxc3 15. Bxc3 c5 16. Rad1 g6 17. Bb2 Rac8 18. Qf2 cxd4 19. exd4 Ba3 20. Qe2 b5 21. cxb5 Nd5 22. Bc4 Bb4 23. Rc1 Qd6 24. Ng4 Kg7 25. Bb3 f6 26. Qf2 h5 27. Bxd5 Bxd5 28. Ne3 Kf7 29. a4 Be4 30. Qe2 Rxc1 31. Rxc1 Qxf4 32. d5 Bd6 33. dxe6+ Kxe6 34. Nf1 Kf7 35. Ng3 Bd3 36. Qf3 Qxf3 37. gxf3 f5 38. Rc6 Ke6 39. Nf1 Bxf1 40. Kxf1 Kd5 41. h4 Re8 42. Bc1 Bg3 43. Bd2 Bd6 44. Ra6 Re7 45. Bg5 Rc7 46. Be3 Rc3 47. Ke2 Rc4 48. Rxa7 Rxh4 49. a5 Ra4 50. a6 Ra2+ 51. Kd1 Ra1+ 52. Kc2 Ra2+ 53. Kc1 Ra3 54. Rd7 Rxe3 55. b6 Kc6 56. Rxd6+ Kxd6 57. a7 Ra3 58. b7 Rxa7 59. b8=Q+ Rc7+ 60. Kd2 Kc6 1-0

[Event "Pere Noel"]
[Site "Montreal CAN"]
[Date "2013.12.26"]
[Round "1"]
[White "Hebert, Jean"]
[Black "Procacci, Sergio"]
[Result "1-0"]
[WhiteElo "2424"]
[BlackElo "2019"]
[PlyCount "57"]
[GameId "2160767909212147"]
[EventDate "2013.12.26"]
[EventType "swiss"]
[EventRounds "5"]
[EventCountry "CAN"]
[SourceTitle "hb 2013"]

1. Nf3 b6 2. e4 Bb7 3. d3 d5 4. Nbd2 e6 5. c3 c5 6. a3 Nf6 7. e5 Nfd7 8. d4 Be7 9. b4 O-O 10. Bd3 f6 11. exf6 Bxf6 12. O-O e5 13. dxe5 Nxe5 14. Nxe5 Bxe5 15. Qh5 Bxh2+ 16. Qxh2 h6 17. bxc5 bxc5 18. Rb1 Bc6 19. Nf3 Nd7 20. Ne5 Nxe5 21. Qxe5 Qd7 22. Be3 Rae8 23. Qg3 c4 24. Bc2 d4 25. Bxd4 Re2 26. Bd1 Ree8 27. Bh5 Rc8 28. Bg4 Qf7 29. Be6 1-0

[Event "Pere Noel"]
[Site "Montreal CAN"]
[Date "2013.12.27"]
[Round "2"]
[White "Zhu, Hong Rui"]
[Black "Hebert, Jean"]
[Result "0-1"]
[WhiteElo "2128"]
[BlackElo "2424"]
[PlyCount "142"]
[GameId "2160767909208080"]
[EventDate "2013.12.26"]
[EventType "swiss"]
[EventRounds "5"]
[EventCountry "CAN"]
[SourceTitle "hb 2013"]

1. e4 g6 2. d4 d6 3. Nf3 Bg7 4. Bd3 Nf6 5. O-O O-O 6. Re1 c5 7. c3 Bg4 8. Nbd2 cxd4 9. cxd4 Nc6 10. h3 Bxf3 11. Nxf3 Nd7 12. Be3 a6 13. Rc1 e6 14. Qd2 Rc8 15. b3 Re8 16. Bb1 d5 17. e5 Qa5 18. Qxa5 Nxa5 19. Rxc8 Rxc8 20. g4 Bf8 21. g5 Ba3 22. Bd2 Nc6 23. Re3 Bb2 24. Bc3 Bc1 25. Rd3 Na7 26. Kg2 Nb5 27. Bb4 a5 28. a4 Na3 29. Bxa3 Bxa3 30. Rd2 Rc3 31. Bc2 Nb8 32. Bd1 Nc6 33. h4 Nb4 34. Re2 Kf8 35. Ne1 Nc6 36. Rd2 Bc1 37. Rd3 Rxd3 38. Nxd3 Ba3 39. Nc5 Bxc5 40. dxc5 Nxe5 41. Be2 Ke7 42. Bb5 Nc6 43. Bxc6 bxc6 44. f4 e5 45. fxe5 Ke6 46. Kf3 Kxe5 47. b4 axb4 48. a5 b3 49. a6 b2 50. a7 b1=Q 51. a8=Q Qe4+ 52. Kg3 Qe3+ 53. Kg2 Qe2+ 54. Kg3 Qe1+ 55. Kf3 Qe4+ 56. Kg3 Qf4+ 57. Kh3 Qf3+ 58. Kh2 d4 59. Qe8+ Kd5 60. Qd7+ Kc4 61. Qa7 d3 62. Qa2+ Kd4 63. Qb2+ Ke4 64. Qb4+ Kf5 65. Qb1 Qe2+ 66. Kg3 Qg4+ 67. Kf2 Qxh4+ 68. Kf3 Qe4+ 69. Kg3 d2 70. Qf1+ Kxg5 71. Qa1 Qe1+ 0-1

[Event "Pere Noel"]
[Site "Montreal CAN"]
[Date "2013.12.28"]
[Round "3"]
[White "Hebert, Jean"]
[Black "Voskanyan, Vahagn"]
[Result "1-0"]
[WhiteElo "2424"]
[BlackElo "2215"]
[PlyCount "89"]
[GameId "2160767909208083"]
[EventDate "2013.12.26"]
[EventType "swiss"]
[EventRounds "5"]
[EventCountry "CAN"]
[SourceTitle "hb 2013"]

1. e4 e5 2. Bc4 Nf6 3. d3 Nc6 4. Nc3 Na5 5. Qf3 Nxc4 6. dxc4 Bb4 7. Nge2 d6 8. h3 Be6 9. Qd3 Nd7 10. b3 O-O 11. O-O f5 12. exf5 Bxf5 13. Qd5+ Kh8 14. Qxb7 Rb8 15. Qf3 Bxc2 16. Qg3 c6 17. a3 Bc5 18. b4 Bb6 19. Bg5 Qe8 20. Rac1 Bg6 21. Be3 Qe6 22. Na4 d5 23. cxd5 cxd5 24. Nc5 Nxc5 25. Bxc5 Rfc8 26. Rfe1 Re8 27. f4 e4 28. Nd4 Qf6 29. Qe3 Rb7 30. Bxb6 axb6 31. Rc6 Qh4 32. Rec1 Qd8 33. f5 Bf7 34. Rf1 Qd7 35. f6 g6 36. Rfc1 Rg8 37. Qg3 Qd8 38. R1c3 Re8 39. Qf4 Rg8 40. Rc7 Rxc7 41. Rxc7 Qb8 42. Nc6 g5 43. Qd6 Qe8 44. Re7 Qf8 45. Ne5 1-0

[Event "Pere Noel"]
[Site "Montreal CAN"]
[Date "2013.12.29"]
[Round "4"]
[White "Sambuev, Bator"]
[Black "Hebert, Jean"]
[Result "1/2-1/2"]
[WhiteElo "2588"]
[BlackElo "2424"]
[PlyCount "150"]
[GameId "2160767909208105"]
[EventDate "2013.12.26"]
[EventType "swiss"]
[EventRounds "5"]
[EventCountry "CAN"]
[SourceTitle "hb 2013"]

1. d4 Nf6 2. Nf3 e6 3. e3 b6 4. Bd3 Bb7 5. O-O c5 6. c4 Be7 7. Nc3 d5 8. cxd5 exd5 9. Qa4+ Nbd7 10. dxc5 bxc5 11. Ba6 Qb6 12. Bxb7 Qxb7 13. Qb5 Qxb5 14. Nxb5 O-O 15. Rd1 Rfc8 16. a4 a5 17. Bd2 c4 18. Nfd4 g6 19. f3 Nb6 20. Bc3 Nfd7 21. Ne2 Nc5 22. Nf4 Ncxa4 23. Nxd5 Nxd5 24. Rxd5 Nxc3 25. Nxc3 Bc5 26. Kf2 Rab8 27. Na4 Bb4 28. Rc1 Rc6 29. g4 h6 30. h4 Kg7 31. Rc2 Rb7 32. f4 Rbc7 33. h5 gxh5 34. Rxh5 Rd7 35. Ke2 Re7 36. Kf3 Rd7 37. Re5 Rd1 38. Rb5 Rf1+ 39. Ke4 Rg1 40. Nb6 Rxg4 41. Nxc4 Rg3 42. Rb7 Rc5 43. Kd4 Rf5 44. Ne5 Bd6 45. Nc6 h5 46. Rd7 Rf6 47. Nxa5 h4 48. Nc4 Bb4 49. Rh2 h3 50. Ne5 Ba5 51. Nc4 Bb6+ 52. Kd3 Bxe3 53. Nxe3 Re6 54. Re2 h2 55. Rxh2 Rgxe3+ 56. Kd2 Rb3 57. Kc2 Rb4 58. f5 Reb6 59. Kb1 R4b5 60. Rg2+ Kf6 61. Rf2 Rxf5 62. Rxf5+ Kxf5 63. Rxf7+ Ke6 64. Rc7 Kd6 65. Rc3 Kd7 66. Rc4 Kd6 67. Kc2 Kd5 68. Rh4 Kc5 69. Kc3 Rg6 70. Rh5+ Kb6 71. Kb4 Rg4+ 72. Ka3 Rg3+ 73. Ka4 Rg4+ 74. b4 Rg6 75. Rd5 Rh6 1/2-1/2

[Event "Pere Noel"]
[Site "Montreal CAN"]
[Date "2013.12.30"]
[Round "5"]
[White "Hebert, Jean"]
[Black "Yu, Zong Yang"]
[Result "1/2-1/2"]
[WhiteElo "2424"]
[BlackElo "2112"]
[PlyCount "83"]
[GameId "2160767909208115"]
[EventDate "2013.12.26"]
[EventType "swiss"]
[EventRounds "5"]
[EventCountry "CAN"]
[SourceTitle "hb 2013"]

1. d4 Nf6 2. c4 e6 3. Nc3 Bb4 4. e3 b6 5. Bd3 Bb7 6. f3 c5 7. Nge2 cxd4 8. exd4 O-O 9. a3 Be7 10. O-O d5 11. Be3 Nbd7 12. Rc1 dxc4 13. Bxc4 Rc8 14. Ba2 Nd5 15. Nxd5 exd5 16. Nc3 Nf6 17. Qd2 Qd7 18. Bg5 h6 19. Bf4 Nh5 20. Be3 Rfe8 21. Bb1 Rc6 22. g4 Nf6 23. Bf4 Qd8 24. Bc2 a6 25. Qd3 Bc8 26. Rce1 Bf8 27. g5 hxg5 28. Bxg5 g6 29. Bb3 Rce6 30. Rxe6 Bxe6 31. Qxa6 Be7 32. Qd3 Kg7 33. Qd2 Ng8 34. Bf4 Bf6 35. Re1 Ne7 36. Be5 Bxe5 37. Rxe5 Nc6 38. Rxd5 Bxd5 39. Bxd5 Qf6 40. Bxc6 Qxc6 41. Kg2 Rd8 42. d5 1/2-1/2

[Event "Chambly semi-rapid 2013"]
[Site "Chambly CAN"]
[Date "2013.12.07"]
[Round "5"]
[White "Yergeau, Simon"]
[Black "Hebert, Jean"]
[Result "0-1"]
[WhiteElo "1516"]
[BlackElo "2424"]
[PlyCount "114"]
[GameId "2160767909208220"]
[EventDate "2013.12.07"]
[EventType "swiss (rapid)"]
[EventRounds "5"]
[EventCountry "CAN"]

1. d4 Nf6 2. c4 e6 3. Nc3 Bb4 4. Qc2 O-O 5. a3 Bxc3+ 6. Qxc3 d6 7. Nf3 b6 8. Bg5 h6 9. Bxf6 Qxf6 10. e3 Bb7 11. Be2 Nd7 12. O-O Qe7 13. b4 c5 14. Rfd1 Nf6 15. Nd2 Rac8 16. Qd3 e5 17. d5 e4 18. Qc2 Rfe8 19. Bf1 Nd7 20. g3 f5 21. Be2 Ne5 22. bxc5 bxc5 23. Rdb1 Qd7 24. a4 Ba6 25. a5 Qc7 26. Qa4 Rb8 27. Rb3 Rbc8 28. Rab1 Kf7 29. R1b2 Rb8 30. Nb1 Rxb3 31. Rxb3 Rb8 32. Nd2 Rxb3 33. Nxb3 Qb7 34. Kf1 Ke7 35. Ke1 g5 36. Kd2 Qb4+ 37. Qxb4 cxb4 38. c5 Bxe2 39. Kxe2 dxc5 40. Nxc5 Kd6 41. Nb3 Kxd5 42. Nd2 Nc6 43. a6 Nb8 44. Kd1 Nxa6 45. Kc2 Nc5 46. f4 gxf4 47. gxf4 a5 48. h3 a4 49. h4 Kc6 50. Nf1 Kb5 51. h5 a3 52. Nd2 Ka4 53. Nc4 b3+ 54. Kb1 Kb4 55. Nd6 Na4 56. Nxf5 Nc3+ 57. Kc1 b2+ 0-1

[Event "Elite-ch POM"]
[Site "Montreal CAN"]
[Date "2013.10.12"]
[Round "2"]
[White "Guo, Forest"]
[Black "Hebert, Jean"]
[Result "0-1"]
[WhiteElo "2069"]
[BlackElo "2433"]
[PlyCount "46"]
[GameId "2160767909229221"]
[EventDate "2013.10.11"]
[EventType "swiss"]
[EventRounds "7"]
[EventCountry "CAN"]
[SourceTitle "hb 2013"]

1. e4 d6 2. d4 g6 3. Nf3 Bg7 4. c4 e5 5. Nc3 exd4 6. Nxd4 Ne7 7. Be2 Nbc6 8. Be3 O-O 9. O-O f5 10. exf5 Bxd4 11. Bxd4 Nxf5 12. Nb5 a6 13. g4 axb5 14. gxf5 Qg5+ 15. Kh1 Qxf5 16. cxb5 Qd5+ 17. f3 Nxd4 18. Rc1 Qe5 19. Bc4+ Kh8 20. Rc3 Bh3 21. Re1 Qf6 22. Re4 c5 23. bxc6 Nxc6 0-1

[Event "Elite-ch POM"]
[Site "Montreal CAN"]
[Date "2013.10.12"]
[Round "3"]
[White "Hebert, Jean"]
[Black "Zhu, Hong Rui"]
[Result "1-0"]
[WhiteElo "2433"]
[BlackElo "2070"]
[PlyCount "55"]
[GameId "2160767909229230"]
[EventDate "2013.10.11"]
[EventType "swiss"]
[EventRounds "7"]
[EventCountry "CAN"]
[SourceTitle "hb 2013"]

1. Nf3 c5 2. c4 Nc6 3. Nc3 e5 4. e3 Nf6 5. a3 Be7 6. d4 cxd4 7. exd4 e4 8. Ng5 O-O 9. d5 h6 10. Nh3 d6 11. dxc6 bxc6 12. Nf4 Bb7 13. Be3 Qa5 14. Be2 Rfd8 15. O-O d5 16. cxd5 cxd5 17. b4 Qc7 18. Nb5 Qe5 19. Nd4 Ne8 20. Bb5 Rd6 21. Rc1 f5 22. Bc6 Rb8 23. Bxb7 Rxb7 24. Nc6 Qb2 25. Nxe7+ Rxe7 26. Bc5 d4 27. Bxd6 Nxd6 28. Rc2 1-0

[Event "Elite-ch POM"]
[Site "Montreal CAN"]
[Date "2013.10.13"]
[Round "4"]
[White "Hebert, Jean"]
[Black "Sambuev, Bator"]
[Result "0-1"]
[WhiteElo "2433"]
[BlackElo "2575"]
[PlyCount "110"]
[GameId "2160767909229240"]
[EventDate "2013.10.11"]
[EventType "swiss"]
[EventRounds "7"]
[EventCountry "CAN"]
[SourceTitle "hb 2013"]

1. Nf3 g6 2. e4 c5 3. d4 cxd4 4. Nxd4 Nf6 5. Nc3 d6 6. Be2 Bg7 7. O-O O-O 8. Be3 Nc6 9. Nb3 a6 10. a4 b6 11. f4 Nd7 12. Nd4 Bb7 13. Nxc6 Bxc6 14. Bd4 Qc7 15. Bxg7 Kxg7 16. Qd4+ f6 17. Rad1 Nc5 18. Bf3 Rad8 19. b3 e5 20. Qe3 Ne6 21. Ne2 Bb7 22. Rd2 Qc5 23. Qxc5 dxc5 24. Rfd1 Rxd2 25. Rxd2 Rd8 26. Rxd8 Nxd8 27. fxe5 fxe5 28. Kf2 Nc6 29. c3 Na5 30. b4 Nb3 31. b5 Nd2 32. Nc1 Kf6 33. Ke2 Nc4 34. Kd3 Nb2+ 35. Kc2 Nxa4 36. Be2 c4 37. Bxc4 Bxe4+ 38. Kd2 a5 39. g3 Bf5 40. Be2 Nc5 41. c4 Bb1 42. Kc3 e4 43. Bd1 Ke5 44. Ne2 g5 45. Nd4 e3 46. Nc6+ Kd6 47. Nd4 Be4 48. Bc2 Ke5 49. Nc6+ Kf5 50. Nd4+ Kg4 51. Bxe4 Nxe4+ 52. Kd3 Nd6 53. Ne6 Nxc4 54. h3+ Kxg3 55. Nxg5 a4 0-1

[Event "Elite-ch POM"]
[Site "Montreal CAN"]
[Date "2013.10.13"]
[Round "5"]
[White "Nikulich, Oleksandr"]
[Black "Hebert, Jean"]
[Result "0-1"]
[WhiteElo "2100"]
[BlackElo "2433"]
[PlyCount "72"]
[GameId "2160767909229251"]
[EventDate "2013.10.11"]
[EventType "swiss"]
[EventRounds "7"]
[EventCountry "CAN"]
[SourceTitle "hb 2013"]

1. Nf3 Nf6 2. c4 c5 3. Nc3 Nc6 4. g3 d5 5. cxd5 Nxd5 6. Bg2 Nc7 7. O-O e5 8. d3 Be7 9. a3 O-O 10. Be3 Rb8 11. Rc1 Bd7 12. Ne1 Nd4 13. Bxd4 exd4 14. Nd5 Nxd5 15. Bxd5 Bg4 16. Bf3 Be6 17. Ng2 Qb6 18. Qd2 Rfe8 19. h4 Bd6 20. Nf4 Bb3 21. Kg2 Re5 22. Rfe1 Rbe8 23. e4 dxe3 24. fxe3 h6 25. h5 Be6 26. Re2 Rg5 27. Rf1 a5 28. d4 Bc4 29. dxc5 Bxc5 30. Nd3 Qd6 31. Nf4 Qxd2 32. Rxd2 Bxf1+ 33. Kxf1 Rxg3 34. Bxb7 Bxe3 35. Ne2 Bxd2 36. Nxg3 Rb8 0-1

[Event "Elite-ch POM"]
[Site "Montreal CAN"]
[Date "2013.10.14"]
[Round "6"]
[White "Masse, Hugues"]
[Black "Hebert, Jean"]
[Result "1/2-1/2"]
[WhiteElo "2188"]
[BlackElo "2433"]
[PlyCount "87"]
[GameId "2160767909229261"]
[EventDate "2013.10.11"]
[EventType "swiss"]
[EventRounds "7"]
[EventCountry "CAN"]
[SourceTitle "hb 2013"]

1. d4 d6 2. Nf3 f5 3. g3 Nf6 4. Bg2 g6 5. O-O Bg7 6. b3 O-O 7. Bb2 a5 8. c4 c6 9. Qc2 Na6 10. Nbd2 Qe8 11. a3 Nh5 12. d5 Nf6 13. e4 cxd5 14. exd5 f4 15. Nd4 Nc5 16. Rae1 Bd7 17. b4 axb4 18. axb4 Na6 19. Bc3 Rc8 20. Qd3 Nc7 21. Ne4 Qd8 22. Nxf6+ Bxf6 23. gxf4 Ne8 24. f5 gxf5 25. Ne6 Bxe6 26. dxe6 Qc7 27. Bxf6 Nxf6 28. Rc1 Qb6 29. Qxf5 Qxb4 30. Qb5 Qxb5 31. cxb5 d5 32. Rfd1 b6 33. Rxc8 Rxc8 34. Bxd5 Nxd5 35. Rxd5 Rc1+ 36. Kg2 Re1 37. Kg3 Rxe6 38. h4 Kf7 39. f3 h6 40. Kg4 Re1 41. Kh5 Kg7 42. f4 Re4 43. Re5 Rxe5+ 44. fxe5 1/2-1/2

[Event "Elite-ch POM"]
[Site "Montreal CAN"]
[Date "2013.10.14"]
[Round "7"]
[White "Hebert, Jean"]
[Black "Chiku-Ratte, Olivier-Kenta"]
[Result "1/2-1/2"]
[WhiteElo "2433"]
[BlackElo "2206"]
[PlyCount "183"]
[GameId "2160767909229268"]
[EventDate "2013.10.11"]
[EventType "swiss"]
[EventRounds "7"]
[EventCountry "CAN"]
[SourceTitle "hb 2013"]

1. Nf3 Nf6 2. d4 c5 3. e3 b6 4. c4 Bb7 5. Nc3 g6 6. d5 d6 7. e4 Bg7 8. Be2 O-O 9. O-O e6 10. h3 exd5 11. exd5 a6 12. Bf4 Re8 13. Bd3 Qc7 14. a4 Nbd7 15. Bh2 Rad8 16. Qd2 Bf8 17. Bf4 Nh5 18. Bg5 f6 19. Be3 Ne5 20. Be2 Ng7 21. Nh4 f5 22. Rfe1 Be7 23. Nf3 Nxf3+ 24. Bxf3 Bf6 25. Bg5 Qf7 26. Bxf6 Qxf6 27. Rxe8+ Rxe8 28. a5 bxa5 29. Ne2 Rb8 30. Ra2 Ne8 31. Qxa5 Qd8 32. Qxd8 Rxd8 33. Ra3 Kf7 34. g4 Bc8 35. g5 Rd7 36. Nf4 Rb7 37. b3 Rb8 38. Kf1 Nc7 39. Bd1 Bb7 40. h4 Re8 41. Bf3 Ba8 42. Nd3 Rb8 43. Ke1 Ke7 44. Kd2 Kd7 45. Kc3 Bb7 46. Ra1 h5 47. Nf4 Rg8 48. b4 cxb4+ 49. Kxb4 Rg7 50. Re1 Rg8 51. Bd1 Kd8 52. Ka5 Bc8 53. Ba4 Bd7 54. Bc6 Rg7 55. Kb6 Rg8 56. Re3 Rg7 57. Bxd7 Kxd7 58. Ne6 Nxe6 59. Rxe6 Rg8 60. Kxa6 Ra8+ 61. Kb5 Rb8+ 62. Ka4 Rb2 63. Rxg6 Ra2+ 64. Kb4 Rb2+ 65. Kc3 Rxf2 66. Rg7+ Ke8 67. Rh7 f4 68. Rxh5 f3 69. Rh6 Rh2 70. Rf6 Rxh4 71. Rxf3 Rg4 72. Rf6 Ke7 73. Re6+ Kd7 74. g6 Rg3+ 75. Kb4 Rg4 76. Rf6 Ke7 77. Rf7+ Ke8 78. Rg7 Kf8 79. Rc7 Rxg6 80. Kb5 Rg4 81. Rd7 Rg6 82. Kc6 Rg4 83. c5 dxc5 84. d6 c4 85. Ra7 c3 86. Ra8+ Kf7 87. d7 Rd4 88. Ra1 c2 89. Rf1+ Ke7 90. Re1+ Kf7 91. Rc1 Ke7 92. Rxc2 1/2-1/2

[Event "Rapides de Montreal"]
[Site "Montreal CAN"]
[Date "2013.10.03"]
[Round "1"]
[White "Hebert, Jean"]
[Black "Panjwani, Raja"]
[Result "1-0"]
[WhiteElo "2424"]
[BlackElo "2412"]
[PlyCount "91"]
[GameId "2160767909229318"]
[EventDate "2013.10.04"]
[EventType "game"]
[EventRounds "2"]
[EventCountry "CAN"]

1. Nf3 c5 2. c4 g6 3. d4 cxd4 4. Nxd4 Bg7 5. e4 Nc6 6. Nc2 Nf6 7. Nc3 O-O 8. Be2 b6 9. O-O Bb7 10. f3 Ne8 11. Bd2 Nd6 12. Rc1 f5 13. exf5 Nxf5 14. Kh1 e6 15. Qe1 Kh8 16. Ne3 Nce7 17. Bd3 Nxe3 18. Bxe3 d5 19. cxd5 exd5 20. Rd1 Nf5 21. Bxf5 Rxf5 22. Bd4 Bxd4 23. Rxd4 Qf6 24. Qd2 Re8 25. h3 Qe5 26. Rd1 Qe3 27. Qxe3 Rxe3 28. Kg1 Re6 29. Kf2 Rd6 30. Re1 Kg8 31. g4 Rf7 32. h4 Kf8 33. Red1 a6 34. Kg3 h5 35. g5 Rf5 36. Re1 Kf7 37. a4 Bc6 38. Re3 Re6 39. Red3 Rd6 40. Rd2 Re5 41. Kf2 a5 42. b3 Rf5 43. Ne4 Re6 44. Ng3 Rfe5 45. Ne2 Re3 46. Rf4+ 1-0

[Event "Rapides de Montreal"]
[Site "Montreal CAN"]
[Date "2013.10.04"]
[Round "2"]
[White "Panjwani, Raja"]
[Black "Hebert, Jean"]
[Result "1/2-1/2"]
[WhiteElo "2412"]
[BlackElo "2424"]
[PlyCount "77"]
[GameId "2160767909229321"]
[EventDate "2013.10.04"]
[EventType "game"]
[EventRounds "2"]
[EventCountry "CAN"]

1. Nf3 Nf6 2. c4 c5 3. g3 d5 4. cxd5 Nxd5 5. Bg2 Nc6 6. Nc3 Nc7 7. O-O e5 8. a3 Be7 9. b4 f6 10. bxc5 Bxc5 11. e3 O-O 12. d4 exd4 13. Na4 Be7 14. Nxd4 Nxd4 15. exd4 Rb8 16. d5 Bd6 17. Be3 b6 18. Nc3 Bb7 19. a4 Qd7 20. Qb3 Na6 21. Qb5 Qf7 22. Rad1 Nc5 23. Rfe1 Ba6 24. Qb1 Rfe8 25. Bh3 Bc8 26. Bxc8 Rbxc8 27. Nb5 Qd7 28. Qa2 a6 29. Nxd6 Qxd6 30. Bf4 Qd7 31. Rxe8+ Rxe8 32. a5 b5 33. Rc1 Nd3 34. d6+ Kf8 35. Rc7 Nxf4 36. Qd2 Qh3 37. gxf4 Qg4+ 38. Kf1 Qh3+ 39. Kg1 1/2-1/2

[Event "Montreal op"]
[Site "Montreal CAN"]
[Date "2013.09.07"]
[Round "2"]
[White "Hebert, Jean"]
[Black "Ibrahim, Anthony"]
[Result "1-0"]
[WhiteElo "2421"]
[BlackElo "2157"]
[PlyCount "108"]
[GameId "2160767909229529"]
[EventDate "2013.09.06"]
[EventType "swiss"]
[EventRounds "5"]
[EventCountry "CAN"]
[SourceTitle "hb 2013"]

1. Nf3 Nf6 2. c4 e6 3. d4 d5 4. Bg5 Be7 5. Nc3 O-O 6. e3 b6 7. Rc1 Bb7 8. cxd5 exd5 9. Bxf6 Bxf6 10. b4 c5 11. b5 Re8 12. Be2 Nd7 13. O-O Nf8 14. Na4 c4 15. Nc3 Ng6 16. g3 Bc8 17. Nd2 Bh3 18. Re1 a6 19. Rb1 Bf5 20. Rb2 a5 21. Bf3 Be6 22. a3 Rc8 23. Ndb1 Rc7 24. Bg2 Ne7 25. Rd2 Rd7 26. Ne2 Bf5 27. Nbc3 g5 28. h3 Bd3 29. Nc1 Bg6 30. g4 Bg7 31. N1e2 Bd3 32. Ng3 Ng6 33. Rxd3 cxd3 34. Rf1 Nh4 35. Bh1 Rd6 36. Qb3 Qf6 37. Nh5 Nf3+ 38. Kg2 Nh4+ 39. Kh2 Qg6 40. Nxd5 Bf8 41. e4 Red8 42. e5 Rxd5 43. Bxd5 d2 44. Nf6+ Kg7 45. Be4 Qh6 46. Qe3 Bc5 47. Nd5 Bf8 48. Rd1 f5 49. gxf5 Nxf5 50. Bxf5 Rxd5 51. Rxd2 Rxb5 52. Rc2 Be7 53. Rc7 Kf8 54. Qf3 Qh4 1-0

[Event "Montreal op"]
[Site "Montreal CAN"]
[Date "2013.09.07"]
[Round "3"]
[White "Sambuev, Bator"]
[Black "Hebert, Jean"]
[Result "1-0"]
[WhiteElo "2562"]
[BlackElo "2421"]
[PlyCount "69"]
[GameId "2160767909229548"]
[EventDate "2013.09.06"]
[EventType "swiss"]
[EventRounds "5"]
[EventCountry "CAN"]
[SourceTitle "hb 2013"]

1. d4 d5 2. c4 c6 3. Nf3 Nf6 4. e3 a6 5. Bd3 e6 6. Nbd2 Nbd7 7. O-O dxc4 8. Nxc4 b5 9. Nce5 Nxe5 10. Nxe5 Bb7 11. a4 Be7 12. Be2 Nd7 13. Nd3 b4 14. Bf3 a5 15. b3 Rc8 16. Bb2 O-O 17. Rc1 Qb6 18. Be4 g6 19. Nc5 Rfd8 20. Nxb7 Qxb7 21. Qf3 Nb8 22. Rc4 f5 23. Bb1 Rd6 24. Rfc1 Rcd8 25. e4 Qa7 26. Qg3 fxe4 27. Bxe4 Bf6 28. h4 Qd7 29. h5 g5 30. h6 Qf7 31. Rc5 Qh5 32. Rxa5 Qxh6 33. Ra7 Bxd4 34. Bxh7+ Kh8 35. Bxd4+ 1-0

[Event "Montreal op"]
[Site "Montreal CAN"]
[Date "2013.09.08"]
[Round "4"]
[White "Hebert, Jean"]
[Black "Chiku-Ratte, Olivier-Kenta"]
[Result "1-0"]
[WhiteElo "2421"]
[BlackElo "2263"]
[PlyCount "73"]
[GameId "2160767909229557"]
[EventDate "2013.09.06"]
[EventType "swiss"]
[EventRounds "5"]
[EventCountry "CAN"]
[SourceTitle "hb 2013"]

1. c4 Nf6 2. Nc3 c5 3. Nf3 Nc6 4. d4 cxd4 5. Nxd4 g6 6. e4 d6 7. Be2 Bg7 8. Be3 Nxd4 9. Bxd4 O-O 10. O-O Bd7 11. b4 a5 12. a3 Rc8 13. Rc1 Be6 14. Qb3 Nd7 15. Be3 Nb6 16. Nd5 a4 17. Qa2 Nxd5 18. exd5 Bf5 19. Rfd1 b6 20. Qd2 Be5 21. Re1 e6 22. Bg5 Bf6 23. Bxf6 Qxf6 24. g4 Be4 25. f3 exd5 26. fxe4 dxe4 27. Qe3 Qe5 28. Rcd1 f5 29. Rd5 Qe6 30. gxf5 gxf5 31. Kh1 Kh8 32. Qxb6 f4 33. Qd4+ Qf6 34. Rxd6 Qxd4 35. Rxd4 Rce8 36. Bh5 Re5 37. Bf3 1-0

[Event "Montreal op"]
[Site "Montreal CAN"]
[Date "2013.09.08"]
[Round "5"]
[White "Kleinman, Michael"]
[Black "Hebert, Jean"]
[Result "0-1"]
[WhiteElo "2292"]
[BlackElo "2421"]
[PlyCount "108"]
[GameId "2160767909229574"]
[EventDate "2013.09.06"]
[EventType "swiss"]
[EventRounds "5"]
[EventCountry "CAN"]
[SourceTitle "hb 2013"]

1. Nf3 Nf6 2. c4 c5 3. Nc3 Nc6 4. g3 d5 5. cxd5 Nxd5 6. Bg2 Nc7 7. O-O e5 8. d3 Be7 9. Nd2 Bd7 10. Nc4 f6 11. a4 O-O 12. f4 exf4 13. Bxf4 Ne6 14. Be3 Kh8 15. Bf2 Ng5 16. Nd5 Bh3 17. e4 Bxg2 18. Kxg2 f5 19. h4 Ne6 20. Be3 fxe4 21. dxe4 Rxf1 22. Qxf1 Qe8 23. Qf5 Ned4 24. Bxd4 Nxd4 25. Qe5 Bf8 26. Qxe8 Rxe8 27. Re1 Kg8 28. e5 Rd8 29. Nf4 Nc6 30. Re4 Be7 31. Kf3 Rd1 32. Ne2 Kf7 33. Ke3 Nb4 34. Nc3 Rd3+ 35. Kf2 Ke6 36. Rg4 Rd4 37. Kf3 Rxg4 38. Kxg4 Nd3 39. Nb5 Kd5 40. b3 Nxe5+ 41. Nxe5 Kxe5 42. Nxa7 Ke4 43. Nc8 Bf8 44. Nb6 Bd6 45. h5 Kd4 46. Nc4 Bc7 47. Na3 Ke4 48. Nb5 Bb8 49. a5 Kd3 50. Kf5 Kc2 51. b4 cxb4 52. Ke6 Kd3 53. Kd5 Bxg3 54. Kc5 b3 0-1